00999 2200325 4500001002100000005001500021035002000036007000300056040001700059100002600076245017200102250001200274300003600286020002200322041000800344082001100352084002000363090002200383264004600405336002100451337003000472338002300502500001800525650001200543850001000555008004100565504002300606990002200629990002200651INLIS00000000000630120260418020430 a0010-0322000545ta aSBPUPADbind0 aSetiyawatiePengarang1 aBahaya Narkoba :bDampak dan bahaya narkoba Jilid 4 /cSetiyawati; Pengarang Ke-2 Linda Susilaningtyas; Pengarang Ke-3 Anik Nurcayati; Pengarang Ke-4 Danang Sutowijoyo a.-cet.1 avi, 146 hal. :billus. ;c25 cm a978-602-71957-0-70 aind a362.29 a362.29 SET b/II a362.293 SAP p13-2 a.--Surakarta :bPT Tirta Asih Jaya,c2015 2rdacontentaTeks 2rdamediaaTanpa Perantara 2rdacarrieravolume aIndek hlm 144 4aNarkoba aPUPAD260418 0  aBibliograf hlm 137 a30.067/B/DPK/2018 a30.067/B/DPK/2018